Normal view
MARC view
Entry Personal Name
001 - CONTROL NUMBER
- control field: 12116
003 - CONTROL NUMBER IDENTIFIER
- control field: ARRUPE
005 - DATE AND TIME OF LATEST TRANSACTION
- control field: 20141009141219.0
008 - FIXED-LENGTH DATA ELEMENTS
- fixed length control field: 141009|| aca||aabn | a|a d
040 ## - CATALOGING SOURCE
- Original cataloging agency: ARRUPE
- Transcribing agency: ARRUPE
100 ## - HEADING--PERSONAL NAME
- Personal name: Wright, G. H. von
- Fuller form of name: (Georg Henrik),
- Dates associated with a name: 1916-2003.
670 ## - SOURCE DATA FOUND
- Source citation: Work cat.: (ARRUPE)0: Wright, G. H. von (Georg Henrik), 1916-2003., Practical reason /, 1983.